| 000 -ლიდერი |
| ფიქსირებული სიგრძის საკონტროლო ველი |
01125nam a22002177a 4500 |
| 003 - საკონტროლო ნომრის იდენტიფიკატორი |
| საკონტროლო ველი |
Ge_BSU |
| 005 - ბოლო ოპერაციის თარიღი და დრო |
| საკონტროლო ველი |
20220217142016.0 |
| 008 - ფიქსირებული სიგრძის მონაცემთა ელემენტები - ზოგადი ინფორმაცია |
| ფიქსირებული სიგრძის საკონტროლო ველი |
220217s1982 xxu||||| |||| 00| 0 geo d |
| 041 ## - ენის კოდი |
| Language code of text/sound track or separate title |
geo |
| 080 ## - უნივერსალური ათობითი კლასიფიკაციის ინდექსი |
| Universal Decimal Classification number |
616.8 ზ-78 |
| 100 ## - მთავარი ჩანაწერი - პიროვნების სახელი |
| Personal name |
ზოიძე, ა. |
| 9 (RLIN) |
11705 |
| 245 ## - ცნობა სათაურის შესახებ |
| Title |
ნევროპათოლოგია : |
| Remainder of title |
ნერვული სიტემის დაავადებათა კლინიკა, დიაგნოსტიკა, საექიმო-შრომითი ექსპერტიზა და მკურნალობა / |
| Statement of responsibility, etc |
ა. ზოიძე, რედ. ე. ივანიშვილი. |
| 250 ## - გამოცემის ცნობა |
| Edition statement |
მე-3 გადამუშ. და შევს. გამოც. |
| 264 ## - წარმოების, გამოცემის, დისტრიბუციის და სხვა ცნობები |
| გამოცემის, წარმოების, დისტრიბუციის... ადგილი |
თბილისი : |
| გამოცემის, წარმოების, დისტრიბუციის... სახელწოდება |
განათლება, |
| გამოცემის, წარმოების, დისტრიბუციის... თარიღი |
1982. |
| 300 ## - ფიზიკური აღწერა |
| Extent |
543გვ. ; |
| Dimensions |
25 სმ. |
| 653 ## - INDEX TERM--UNCONTROLLED |
| Uncontrolled term |
ნევროპათოლოგია |
| 653 ## - INDEX TERM--UNCONTROLLED |
| Uncontrolled term |
ნერვული დაავადებები |
| 653 ## - INDEX TERM--UNCONTROLLED |
| Uncontrolled term |
მედიცინა |
| 700 ## - ADDED ENTRY--PERSONAL NAME |
| Personal name |
ივანიშვილი, ე |
| Relator term |
რედაქტორი |
| 9 (RLIN) |
4316 |
| 942 ## - ADDED ENTRY ELEMENTS (KOHA) |
| Source of classification or shelving scheme |
|
| Koha item type |
წიგნი |